| 000 | 00000nam##2200000za#4500 |
| 001 | 9.666433 |
| 003 | CaOODSP |
| 005 | 20210615122845 |
| 007 | ta |
| 008 | 150407|2005||||xxc||||| f|0| 0 eng|d |
| 020 | |a0-662-68980-1 |
| 040 | |aCaOODSP|beng |
| 041 | |aeng |
| 041 | |afre |
| 043 | |an-cn--- |
| 086 | 1 |aCP22-77/2005 |
| 110 | 1 |aCanada. |bPrivy Council Office. |
| 245 | 10|aSecuring an open society - one year later : |bprogress report on the implementation of Canada's national security policy |
| 260 | |aOttawa - Ontario : |bPrivy Council Office |c2005. |
| 300 | |aEnglish text, xv, 53p. : |bfigs. ; |c28 cm. |
| 520 | 3 |aThis policy articulates national security interests and proposes a framework for addressing threats to Canadians. It addresses three core national security interests: protecting Canada and Canadians at home and abroad; ensuring Canada is not a base for threats to our allies; and contributing to international security. Securing an Open Society: One Year Later describes progress in implementing a number of initiatives identified in the National Security Policy, as well as several other national security enhancements. |
| 563 | |aSoftcover |
| 590 | |a05-22|b2005-06-03 |
| 776 | 0#|tProtéger une société ouverte - un an après : |w(CaOODSP)9.631924 |
| 776 | 0#|tSecuring an open society - one year later : |w(CaOODSP)9.687473 |
| 792 | |tProtéger une société ouverte - un an après : |efre|w(CaOODSP)9.666434 |